Takkan pernah jauh

Bibliographic Details
Format: Book
Published: Selangor : Karangkraf , 2010
Subjects:

MARC

LEADER 00000cam a2200000 7i4500
001 0000004105
005 20160426.0
020 0 0 |a 9789831245835 
090 0 0 |a 899.2333   |b SHA 
245 1 0 |a Takkan pernah jauh   |c Shanika Latisha 
260 0 0 |a Selangor :   |b Karangkraf ,   |c 2010 
300 |a 705 pages ;   |c 18cm. 
650 0 0 |a Malay fiction 
998 |a JPSM 
999 |a 007971   |b Monograph   |c Open Shelf   |e Default branch